Toulouse FC Squad 2025-2026 - Statistics

General Stats
  • This quiz has been taken 39 times
    13 since last reset
  • The average score is 15 of 31
Answer Stats
# Position Nation Player % Correct
15 MF Norway Aron Dønnum
100%
9 FW Cameroon Frank Magri
91%
1 GK France Guillaume Restes
91%
3 DF United States Mark McKenzie
91%
4 DF England Charlie Cresswell
82%
2 DF Denmark Rasmus Nicolaisen
82%
12 DF Norway Warren Kamanzi
82%
23 MF Venezuela Cristian Cásseres Jr.
73%
20 MF Brazil Emersonn
73%
77 MF Slovakia Mario Sauer
73%
11 FW Argentina Santiago Hidalgo
73%
10 FW France Yann Gboho
73%
19 DF France Djibril Sidibé
64%
24 DF France Dayann Methalie
55%
16 GK Norway Kjetil Haug
55%
18 MF Senegal Pape Demba Diop
45%
- Coach Spain Carles Martínez
36%
13 FW Canada Jacen Russell-Rowe
36%
7 FW Argentina Julián Vignolo
36%
8 MF Germany Niklas Schmidt
36%
22 MF Algeria Rafik Messali
27%
17 MF Ghana Abu Francis
18%
37 FW France Ilyas Azizi
18%
31 FW France Noah Edjouma
18%
30 GK Spain Álex Domínguez
9%
40 GK Comoros Naime Said Mchindra
9%
35 DF France Seny Koumbassa
9%
21 FW France Enzo Faty
0%
25 DF DR Congo Frédéric Efuele Ngoyala
0%
27 DF France Nicolas Wasbauer
0%
34 MF France Noah Lahmadi
0%
No matching quizzes found
Score Distribution
Percent of People with Each Score
Percentile by Number Answered
Your Score History
You have not taken this quiz since the last reset